Món ăn bài thuốc chữa bệnh cho phụ nữ
Quyển sách được chia làm hai phần. Phần thứ 1trình bày các đặc điểm sinh lý của phụ nữ ở các lứa tuổi khác nhau và phương pháp ăn uống để đảm bảo sức khoẻ. Phần 2 trình bày các liệu pháp ăn uống chữa các bệnh phụ nữ thường gặp...
Spremljeno u:
| Glavni autor: | |
|---|---|
| Format: | Knjiga |
| Jezik: | Undetermined |
| Izdano: |
Thành phố Hồ Chí Minh
Phụ nữ
2006
|
| Teme: | |
| Oznake: |
Dodaj oznaku
Bez oznaka, Budi prvi tko označuje ovaj zapis!
|
| Thư viện lưu trữ: | Trung tâm Học liệu Trường Đại học Cần Thơ |
|---|
| LEADER | 00971nam a2200217Ia 4500 | ||
|---|---|---|---|
| 001 | CTU_106818 | ||
| 008 | 210402s9999 xx 000 0 und d | ||
| 020 | |c 35000 | ||
| 082 | |a 613.2082 | ||
| 082 | |b T311 | ||
| 100 | |a Ngô, Tín | ||
| 245 | 0 | |a Món ăn bài thuốc chữa bệnh cho phụ nữ | |
| 245 | 0 | |c Ngô Tín, Tạ Liên | |
| 260 | |a Thành phố Hồ Chí Minh | ||
| 260 | |b Phụ nữ | ||
| 260 | |c 2006 | ||
| 520 | |a Quyển sách được chia làm hai phần. Phần thứ 1trình bày các đặc điểm sinh lý của phụ nữ ở các lứa tuổi khác nhau và phương pháp ăn uống để đảm bảo sức khoẻ. Phần 2 trình bày các liệu pháp ăn uống chữa các bệnh phụ nữ thường gặp | ||
| 650 | |a Nutrition | ||
| 650 | |x Dietetics,Women | ||
| 904 | |i Năm | ||
| 980 | |a Trung tâm Học liệu Trường Đại học Cần Thơ | ||